Guess The Pokemons #1 - Statistics

General Stats
  • This quiz has been taken 58 times
  • The average score is 16 of 20
Answer Stats
Picture Answer % Correct
Charizard
98%
Charmander
98%
Bulbasaur
96%
Squirtle
91%
Rattata
89%
Blastoise
87%
Charmeleon
87%
Caterpie
80%
Ivysaur
78%
Beedrill
76%
Wartortle
76%
Pidgeot
73%
Pidgey
73%
Venusaur
73%
Butterfree
69%
Weedle
69%
Raticate
64%
Metapod
62%
Pidgeotto
62%
Kakuna
60%
No matching quizzes found
Score Distribution
Percent of People with Each Score
Percentile by Number Answered
Your Score History
You have not taken this quiz